Where are these Soccer Clubs? - Statistics

General Stats
  • This quiz has been taken 71 times
  • The average score is 25 of 38
Answer Stats
Hint Answer % Correct
Real Betis Spain
98%
Borussia Germany
95%
Sampdoria Italy
86%
Whitecaps USA/Canada
84%
Lecce Italy
83%
Trabzonspor Turkey
81%
Fenerbahce Turkey
79%
Celtic Scotland
78%
Basaksehir Turkey
76%
Werder Germany
75%
Besiktas Turkey
75%
Timbers USA/Canada
75%
Levante Spain
71%
Celta Spain
71%
Corinthians Brazil
70%
Leganes Spain
68%
Servette Switzerland
68%
Revolution USA/Canada
67%
Vasco da Gama Brazil
65%
Heart of Midlothian Scotland
65%
Gremio Brazil
63%
Boavista Portugal
63%
Rapids USA/Canada
63%
Hibernian Scotland
62%
Gol Gohar Iran
60%
Paços de Ferreira Portugal
57%
Grasshoppers Switzerland
57%
Persepolis Iran
54%
Catania Italy
54%
Thistle Scotland
52%
Maritimo Portugal
51%
Fortuna Germany
48%
Hansa Germany
46%
Gil Vicente Portugal
44%
Xamax Switzerland
44%
Juventude Brazil
43%
Tractor Iran
37%
Aurora Pro Patria Italy
22%
No matching quizzes found
Score Distribution
Percent of People with Each Score
Percentile by Number Answered
Your Score History
You have not taken this quiz